Normal view
MARC view
- Carroll, J. Douglas.
Entry Personal Name
001 - CONTROL NUMBER
- control field: 108
003 - CONTROL NUMBER IDENTIFIER
- control field: Nust
005 - DATE AND TIME OF LATEST TRANSACTION
- control field: 20170508115848.0
008 - FIXED-LENGTH DATA ELEMENTS
- fixed length control field: 170508|| aca||aabn | a|a d
040 ## - CATALOGING SOURCE
- Original cataloging agency: Nust
- Transcribing agency: Nust
100 ## - HEADING--PERSONAL NAME
- Personal name: Carroll, J. Douglas.
670 ## - SOURCE DATA FOUND
- Source citation: Work cat.: (Nust)0: Lattin, James M. 105, Analyzing multivariate data /, c2003.
